Field work for young naturalists (Record no. 308)
[ view plain ]
| 000 -LEADER | |
|---|---|
| fixed length control field | 00386nam a2200133 4500 |
| 050 ## - CALL NUMBER | |
| Classification number | QH81. |
| Item number | K74 KNI |
| 100 ## - AUTHOR | |
| Personal name | Knight, Maxwell |
| 245 ## - TITLE | |
| Title | Field work for young naturalists |
| Statement of responsibility, etc | Maxwell Knight |
| 260 ## - PUBLICATION INFORMATION | |
| Place of publication | London: |
| Name of publisher | G. Bell and Sons Ltd, |
| Year of publication | 1966 |
| 300 ## - DESCRIPTION | |
| Number of Pages | 183 pages; |
| Other physical details | illustrations. |
| 500 ## - NOTES | |
| General note | includes bibliographic reference |
| 650 ## - SUBJECTS | |
| Topical Term | field work --- naturalists |
| 942 ## - ADDED ENTRY ELEMENTS (KOHA) | |
| Koha item type | Books |
| Withdrawn status | Lost status | Home library | Current library | Date acquired | Full call number | Accession Number | Koha item type |
|---|---|---|---|---|---|---|---|
| Methodist University Library Wenchi Faculty | Methodist University Library Wenchi Faculty | 18/10/2017 | QH81. K74 KNI | 1239 | Books |